000 01580cam a22004454i 4500
003 PE-LiUPU
005 20250731172955.0
008 150623s1992 txua r 000 0 eng d
035 _a(Sirsi) a21572
040 _aPE-LiUPU
_bspa
_cPE-LiUPU
_erda
049 _aPRUA
082 0 4 _a224.5
_bS61S
_221
100 1 _aSmith, Robert N.,
_eautor.
245 1 4 _aThe sixth king :
_b"666" and the new world order /
_cRobert N. Smith.
264 1 _aKeene, Texas :
_bRoheka Books,
_c1992.
300 _a96 páginas :
_bilustraciones ;
_c22 centímetros
336 _atext
_2rdacontent
337 _aunmediated
_2rdamedia
338 _avolume
_2rdacarrier
504 _aIncluye bibliografía.
505 0 _aYour days are literally numbered -- The mark of the beast -- The seven Kings of the scarlet woman.
526 _aSEG42
526 _aSEG41
526 _aSEG40
526 _aSEG39
526 _aP94
526 _aP87
526 _aP86
526 _aP85
526 _aP77
526 _aP76
526 _aP35
630 _aBiblia.
_pA.T.
_pDaniel 12
_xComentarios.
630 _aBiblia.
_pN.T.
_pApocalipsis 13, 17
_xComentarios.
942 _2ddc
_cBOOK
949 _a224.5 S61S
_wDEWEY
_c1
_i45166
_lCCODEBUL1
_mBUL
_p00.00
_r0
_sY
_tBOOK
_u2015-06-24
_xTEOLOGIA
_PP35
_0COMPRA
_o.STAFF. Colección General
596 _a1
999 _a224.5 S61S
_wDEWEY
_c22049
_i45166
_d22049
_e2017-8-23
_f2021-11-11
_g5
_lCCODEBUL1
_mBUL
_n1
_p10.00
_q1
_r0
_sY
_tBOOK
_u2015-6-24
_xTEOLOGIA
_PP35
_0COMPRA
_o.STAFF. Colección Teología
980 _81
_gALBERTO SANCHEZ Responsable de Automatización